|
|
|
|
| LEADER |
00754nam#a2200253#a#4500 |
| 001 |
000685 |
| 003 |
AR-BeUNQ |
| 005 |
20170713101712.0 |
| 008 |
940421s1992####ag##################spa#d |
| 020 |
|
|
|a 9505721080
|
| 040 |
|
|
|a AR-BeUNQ
|
| 099 |
|
|
|a 05-B1
|
| 100 |
1 |
|
|a Burkún, Mario
|
| 245 |
0 |
2 |
|a Nociones de economía política
|c Mario Burkún, Alberto Spagnolo.
|
| 260 |
|
|
|a Buenos Aires :
|b Zabalía,
|c 1992
|
| 300 |
|
|
|a 148 p
|
| 594 |
|
|
|a TECNICATURA UNIVERSITARIA EN ECONOMIA SOCIAL Y SOLIDARIA
|
| 595 |
|
|
|a ECONOMIA
|d 2016
|
| 650 |
|
7 |
|a POLITICA ECONOMICA
|2 spines
|
| 650 |
|
7 |
|a TEORIAS ECONOMICAS
|2 spines
|
| 700 |
1 |
|
|a Spagnolo, Alberto
|
| 929 |
|
|
|a COMPRA
|b El Monje
|c Exp. 827-0318/93
|d 9,00
|e 19940421
|j 10252
|
| 942 |
|
|
|c LIB
|n 0
|
| 999 |
|
|
|c 3487
|d 78874
|